| 000 | 00584nam a2200169 4500 | ||
|---|---|---|---|
| 008 | 180118b xxu||||| |||| 00| 0 eng d | ||
| 020 | _a0-669-612523-4 | ||
| 082 |
_21973 _aDC 301 _bD 65 |
||
| 100 |
_925687 _aDoby, John T. |
||
| 245 |
_aSociology: _bthe study of man in adaption/ _cJohn T. Doby, Alvin Boskoff, and William W. Pendleton. |
||
| 260 |
_aLexington, Massachusetts: _bD.C. Heath and Company, _c©1973. |
||
| 300 |
_a578 pages: _billustration; _c24 cm. |
||
| 500 | _aIncludes index. | ||
| 650 | 0 |
_925689 _aSocial conditions |
|
| 700 |
_925693 _aDoby, John T. |
||
| 942 |
_2ddc _cDC |
||
| 999 |
_c8307 _d8307 |
||